00355nam a2200145 a 450000100060000000300090000600800410001504000280005608200140008410000210009824500230011926000390014230000090018165000190019013210CO-ViMGA141112s2004 ck r 000 u spa d aCO-ViMGAbspacCO-ViMGA04a823 K465i1 aKipling, Rudyard10aIn black and white aNueva York : bBooks, cInc , csf a250p14aNOVELA INGLESA